00695nam a2200193Ia 4500003000900000008004100009020001800050040001600068080001300084110005900097245008400156260005800240300000900298650002900307650002400336942000700360999001700367952011700384IN-BaIIA211028s9999 xx 000 0 eng d a81-230-0637-3 cIIA Library a058bMIB aIndian Ministry of Information and Broadcasting921927 0aIndia 1998- a reference annualcIndian Ministry of Information and Broadcasting aIndiabMinistry of Information and Broadcastingc1998 a784p aAnnual-India 1998921928 aIndia-Annual910702 cBK c12521d12521 00104070aBANbBANcGENd1998-06-16g198.00l0o058/MIBp13438r2021-11-05v198.00w1998-06-16yBKGRs. 198.00